| 000 | 00466 a2200145 4500 | ||
|---|---|---|---|
| 999 |
_c3516 _d3516 |
||
| 020 | _a177909003X | ||
| 050 | _aHD 6871 KEE 1997 | ||
| 100 |
_aRaftopoulos, Brian _eeditor |
||
| 245 |
_aKeep on knocking _ba history of the labour movement in Zimbabwe 1900-1997 _cedited by Brian Raftopoulos and Ian Phimister |
||
| 264 |
_aHarare _bBaobab books _c1997 |
||
| 300 | _axiii,151p. | ||
| 500 | _ainclude index | ||
| 650 | _aLabour-- movements | ||
| 942 |
_2lcc _cBK _h6871 _iKEE _kHD |
||